1246 1423 1465 1502 1481 1775 1130 1623 1197 1089 1403 1202 1860 1191 1453 1900 1788 1652 1729 1109 1412 1495 1954 1353 1597 1435 1164 1148 1511 1059 1411 1664 1280 1451 1469 1218 1444 1424 1831 1547 1218 1426 1620 1406 1916 1095 1423 1525 1073 1712 1536 1424 1643 1377 1625 1901 1907 1226 1902 1658 1097 1143 1512 1223 1644 1128 1866 1161 1401 1982 1463 1871 1208 1897 1730 1928 1308 1347 1740 1406 1505 1564 1087 1879 1263 1516 1742 1095 1484 1060 1547 1040 1059 1675 1957 1182 1616 1832 1472 BCNSPRNW ULIB Ver.6.0+V

เปลี่ยนเป็นภาษาไทย

Change to English
 แสดงรายละเอียดบรรณานุกรม
  กลับหน้าหลัก

Brief Record : Get Marc (ISO 2709) : E-mail record : QR code < ปิดหน้าต่าง
LEADER : 00000nam 2200000uu 4500
001    13399128865
003     ULIB
008    241021s||||||||th 000 0 tha d
020 ^^ 9786164073111
060 ^^ WI735^bม269
245 ^^ มะเร็งตับและท่อน้ำดี =^bLiver and bile duct cancer/^cรุ่งฤดี ชัยธีรกิจ, บรรณาธิการ
246 ^^ Liver and bile duct cancer
260 ^^ สถานที่พิมพ์ : ^bสำนักพิมพ์, ^c2561
300 ^^ 290 หน้า : ^bภาพประกอบสี ; ^c26 ซม.
520 ^^ หนังสือ “มะเร็งตับและท่อน้ำดี” เล่มนี้ครอบคลุมทุกอย่างที่ต้องรู้ ควรรู้ ของโรคมะเร็งทั้ง 2 ตั้งแต่ระบาดวิทยา พยาธิกำเนิด การวินิจฉัย การคัดกรอง การแบ่งระยะของโรคการรักษาด้วยการผ่าตัด การรักษาแบบเฉพาะที่ และการรักษาแบบ systemic ฯลฯ เนื้อหาในหนังสือเล่มนี้ประกอบด้วยความรู้เกี่ยวกับมะเร็งตับและมะเร็งท่อน้ำดี ด้านระบาดวิทยา ปัจจัยเสี่ยงและสาเหตุพยาธิกำเนิดของโรค แนวทางการวินิจฉัยและการคัดกรอง วิธีการรักษาในปัจจุบันและแนวทางการรักษาใหม่ ที่จะนำมาใช้ในอนาคตอันใกล้ รวมไปถึงวิธีการป้องกันโรค คำศัพท์ทางการแพทย์ที่ใช้ในหนังสือเล่มนี้ส่วนใหญ่เป็นภาษาไทยโดยมีภาษาด้วยเพื่อความเข้าใจที่ถูกต้อง บางคำศัพท์ใช้เป็นคำภาษาอังกฤษเนื่องจากเมื่อแปลเป็นคำภาษาไทยอาจเข้าใจได้ยาก
650 ^^ มะเร็งตับ ^xการวินิจฉัย
650 ^^ มะเร็งตับ ^xการรักษา
650 ^^ มะเร็งตับ ^xการผ่าตัด
650 ^^ ตับ, เนื้องอก
650 ^^ ท่อน้ำดี, เนื้องอก
650 ^^ มะเร็งท่อน้ำดี ^xการวินิจฉัยและการคัดกรอง
650 ^^ มะเร็งท่อน้ำดี ^xการรักษา
650 ^^ มะเร็งท่อน้ำดี ^xการผ่าตัด
650 ^^ มะเร็งตับและท่อน้ำดี
700 ^^ รุ่งฤดี ชัยธีรกิจ, ^eบรรณาธิการ
710 ^^ จุฬาลงกรณ์มหาวิทยาลัย. ^bภาควิชาอายุรศาสตร์ ^bสาขาวิชาโรคทางเดินอาหาร
945    ^p580^l0^i30287
945    ^p580^l0^i30288
945    ^p580^l0^i30289
999    ^aกัณชพร จุลอักษร
รายการนี้ยังไม่มีแท็ก
คุณยังไม่ได้ล็อกอิน คุณสามารถมีกิจกรรมร่วมกับเว็บไซต์ได้ แต่ต้องล็อกอินก่อน ::
  ล็อกอิน

รายการสื่อสารสนเทศ

ลำดับที่ ประเภท เลขเรียก/บาร์โค้ด สถานที่ สถานะ
1. หนังสือสำรอง
หนังสือสำรอง
WI735 ม269 ฉ.1 
  Barcode: 30287
ห้องสมุดวิทยาเขตนครสวรรค์
►หนังสือทั่วไป:l:General Books
บนชั้น
2. วิทยาศาสตร์การแพทย์ และสุขภาพ
วิทยาศาสตร์การแพทย์ และสุขภาพ
WI735 ม269 ฉ.2 
  Barcode: 30288
ห้องสมุดวิทยาเขตนครสวรรค์
►หนังสือทั่วไป:l:General Books
บนชั้น
3. วิทยาศาสตร์การแพทย์ และสุขภาพ
วิทยาศาสตร์การแพทย์ และสุขภาพ
WI735 ม269 ฉ.3 
  Barcode: 30289
ห้องสมุดวิทยาเขตนครสวรรค์
►หนังสือทั่วไป:l:General Books
บนชั้น

รายการใกล้เคียง
    หัวเรื่อง [ตับ, เนื้องอก]
    หัวเรื่อง [ท่อน้ำดี, เนื้องอก]
    หัวเรื่อง [มะเร็งตับและท่อน้ำดี]

BibComment


ยังไม่เคยถูกคอมเมนท์

คอมเมนท์ทรัพยากรรายการนี้
  คอมเมนท์: มะเร็งตับและท่อน้..


 Copyright 2026. Bcnsprnw @Library